01029 2200337 4500001002100000005001500021035002000036007000300056008004100059040001700100100001800117245014100135250001100276300003500287504002900322020002200351041000800373082001100381084001700392090001800409260003400427850001000461650001700471700003800488700003600526990002500562990002700587990002700614990002500641990002500666INLIS00000000000348720260529111705 a0010-0621000019ta260529 0  aSBPUPADbind0 aAhmad Mulyana1 aGaya Hidup Metroseksual :bPerspektif Komunikasi /cAhmad Mulyana, Editor satu :Bunga Sari Fatmawati, Editor dua: Yanita Nur Indah Sari a.Cet.1 ax, 196 hlm. :billus. ;c23 cm abibliografi, hlm 190-194 a978-602-217-563-6 aind a302.23 a302.23 AHM g a320 KHA e 6-6 aJakarta :bBumi Aksara,c2015 aPUPAD 4aAspek Sosial aEditor satu, Bunga Sari Fatmawati aEditor 2: Yanita Indah Nur Sari a22.299/KAPD/PDG/2016 a22.298/B/KAPD/PDG/2016 a22.299/KAPD/PDG-2016/B a22.296/KAPD/PDG/2016 a22.297/KAPD/PDG/2016